[Event "Joacaba op 2nd"]
[Site "Joacaba"]
[Date "2023.07.02"]
[Round "5"]
[White "Fischer, Ivo Lucio"]
[Black "Fossatti, Igor Anton"]
[Result "1-0"]
[WhiteElo "1879"]
[BlackElo "1430"]
[PlyCount "51"]
[EventDate "2023.06.30"]
[EventType "swiss"]
[EventRounds "6"]
[EventCountry "BRA"]
[SourceTitle "CBM 215 Extra"]
[Source "ChessBase"]
[SourceDate "2023.09.30"]
[SourceVersion "1"]
[SourceVersionDate "2023.09.30"]
[SourceQuality "1"]

1. d4 Nf6 2. c4 e6 3. Nc3 Bb4 4. f3 c5 5. d5 d6 6. a3 Bxc3+ 7. bxc3 0-0 8. Bg5 h6 9. Bh4 Qe7 10. e4 exd5 11. cxd5 Qe5 12. Ne2 Nbd7 13. Qd2 Re8 14. Bg3 Qe7 15. Kf2 Ne5 16. Bxe5 Qxe5 17. Qf4 Qe7 18. Ng3 g5 19. Qd2 a6 20. h4 Qe5 21. hxg5 hxg5 22. Bd3 b5 23. Rab1 Bb7 24. Nf5 Nh7 25. Rxh7 Kxh7 26. Qxg5 1-0

[Event "Florianopolis op 9th"]
[Site "Florianopolis"]
[Date "2023.01.26"]
[Round "5"]
[White "Ribeiro Carrico, Victor Hugo"]
[Black "Fossatti, Igor Anton"]
[Result "1-0"]
[WhiteElo "1737"]
[BlackElo "1391"]
[PlyCount "67"]
[EventDate "2023.01.23"]
[EventType "swiss"]
[EventRounds "10"]
[EventCountry "BRA"]
[SourceTitle "CBM 212 Extra"]
[Source "ChessBase"]
[SourceDate "2023.03.31"]
[SourceVersion "1"]
[SourceVersionDate "2023.03.31"]
[SourceQuality "1"]

1. e4 c5 2. Nf3 d6 3. d4 cxd4 4. Nxd4 Nf6 5. Nc3 a6 6. Be2 e6 7. 0-0 Be7 8. Be3 0-0 9. f4 Nbd7 10. Bf3 Qb6 11. Nf5 Qd8 12. Nxd6 Qc7 13. Nxc8 Raxc8 14. e5 Ne8 15. a4 f6 16. exf6 Bxf6 17. Ra3 Rd8 18. Qe2 Be7 19. Rb3 Nc5 20. Bxc5 Bxc5+ 21. Kh1 Qxf4 22. Qxe6+ Kh8 23. Rxb7 Rd6 24. Qe4 Rd1 25. Rxd1 Qxe4 26. Nxe4 Be3 27. Rd8 h6 28. Re7 Bg5 29. Rexe8 Bxd8 30. Rxf8+ Kh7 31. Rxd8 a5 32. Bh5 g6 33. Rd7+ Kg8 34. Nf6+ 1-0

[Event "Concordia op 6th"]
[Site "Concordia"]
[Date "2022.10.16"]
[Round "9"]
[White "Fossatti, Igor Anton"]
[Black "Luzzi, Oliver Sthifler Lim"]
[Result "1/2-1/2"]
[WhiteElo "1423"]
[BlackElo "1188"]
[PlyCount "80"]
[EventDate "2022.10.12"]
[EventType "swiss"]
[EventRounds "9"]
[EventCountry "BRA"]
[SourceTitle "EXT 2024"]
[Source "ChessBase"]
[SourceDate "2023.10.10"]
[SourceVersion "1"]
[SourceVersionDate "2023.10.10"]
[SourceQuality "1"]

1. e4 e5 2. Nf3 Nf6 3. Nc3 Nc6 4. Bc4 Bc5 5. d3 d6 6. h3 h6 7. Be3 Nd4 8. Bxd4 Bxd4 9. Nxd4 exd4 10. Ne2 c6 11. Nxd4 Qb6 12. Nf3 Qxb2 13. 0-0 b5 14. Bb3 a5 15. a4 0-0 16. axb5 cxb5 17. Qd2 b4 18. Ra2 Qc3 19. Qxc3 bxc3 20. Rfa1 Be6 21. Bxe6 fxe6 22. Rxa5 Rab8 23. Nd4 e5 24. Nb5 Rb6 25. Nxc3 Rc8 26. Nd5 Nxd5 27. Rxd5 Rxc2 28. d4 Rd2 29. dxe5 Rxd5 30. exd5 dxe5 31. Re1 Kf7 32. Rxe5 Kf6 33. Re6+ Rxe6 34. dxe6 Kxe6 35. Kh2 Kf5 36. Kg3 Kg5 37. h4+ Kf5 38. Kf3 h5 39. Kg3 Ke4 40. f3+ Ke3 1/2-1/2